00460nam a2200145Ia 4500008004100000020001800041041000800059082001800067100002000085245011900105250000600224260006200230300001300292650000900305210716s2008 xx 000 0 und d a9788184046045 aeng a005.3642 HAVM aHavey, Michael. aSOA cookbook: design recipes for building better soa processes.bDesign recipes for building better soa processes. a1 aMumbaibShroff Publishers and Distributors Pvt Ltdc2008 aiv,254,5 aNone